The study of transnationalism:pitfalls and promise of an emergent research field /
Salvato in:
| Autore principale: | |
|---|---|
| Altri autori: | , |
| Natura: | testo |
| Tags: |
Aggiungi Tag
Nessun Tag, puoi essere il primo ad aggiungerne!!
|
MARC
| LEADER | 00000 a a2200000 04500 | ||
|---|---|---|---|
| 001 | 40134 | ||
| 003 | |||
| 040 | |||
| 100 | |a Portes, Alejandro | ||
| 245 | |a The study of transnationalism:pitfalls and promise of an emergent research field / |c Alejandro Portes; Luis Eduardo Guarnizo; Patricia Landolt | ||
| 700 | |a Guarnizo, Luis Eduardo | ||
| 700 | |a Landolt, Patrica | ||
| 773 | |g páginas 275-283 | ||
| 999 | |c 20391 |d 20391 | ||
